[Event "Zhukovsky op"]
[Site "Zhukovsky"]
[Date "2014.??.??"]
[Round "1"]
[White "Golyshikhin, Sergey"]
[Black "Orekhovsky, Vasily"]
[Result "0-1"]
[WhiteElo "1838"]
[BlackElo "2129"]
[PlyCount "88"]
[EventDate "2014.08.08"]
[EventType "swiss"]
[EventRounds "9"]
[EventCountry "RUS"]
[SourceTitle "CBM 162 Extra"]
[Source "ChessBase"]
[SourceDate "2014.10.17"]
[SourceVersion "1"]
[SourceVersionDate "2014.10.17"]
[SourceQuality "1"]

1. c4 c6 2. Nc3 d5 3. cxd5 cxd5 4. e3 Nf6 5. Nge2 Nc6 6. d4 Bf5 7. h3 h5 8. Qa4 e6 9. Nf4 Bd6 10. Bd3 Bxf4 11. Bxf5 Bxe3 12. Bxe3 exf5 13. Qa3 Ne4 14. 0-0 Nxc3 15. bxc3 Qe7 16. Bc1 Qxa3 17. Bxa3 0-0-0 18. Rfe1 Rhe8 19. f3 Na5 20. Kf2 Kd7 21. Rab1 b6 22. Rxe8 Rxe8 23. Re1 Rxe1 24. Kxe1 Kc6 25. Kd2 Kb5 26. Kd3 Nc4 27. Bc1 Ka4 28. Kc2 a5 29. Kd3 b5 30. Kc2 b4 31. cxb4 axb4 32. Kd3 b3 33. axb3+ Kxb3 34. h4 g6 35. Bg5 Nb2+ 36. Ke3 Kc3 37. Bf6 Nd3 38. Bg7 Ne1 39. g4 fxg4 40. fxg4 hxg4 41. Kf4 f5 42. Be5 Nf3 43. h5 gxh5 44. Kxf5 Kd3 0-1

[Event "Zhukovsky op"]
[Site "Zhukovsky"]
[Date "2011.02.19"]
[Round "3"]
[White "Orekhovsky, Vasily"]
[Black "Smirnov, Yury Vladimirovic"]
[Result "1-0"]
[WhiteElo "2080"]
[BlackElo "2189"]
[PlyCount "41"]
[EventDate "2011.02.17"]
[EventType "swiss"]
[EventRounds "9"]
[EventCountry "RUS"]
[SourceTitle "CBM 141 Extra"]
[Source "ChessBase"]
[SourceDate "2011.05.03"]
[SourceVersion "1"]
[SourceVersionDate "2011.05.03"]
[SourceQuality "1"]

1. e4 d5 2. exd5 Nf6 3. Nc3 Nxd5 4. Nf3 Nc6 5. Bc4 Nf6 6. h3 e5 7. Ng5 Be6 8. Nxe6 fxe6 9. Bxe6 Qd6 10. Nb5 Qe7 11. Bb3 0-0-0 12. 0-0 Qd7 13. d3 e4 14. Bf4 Bd6 15. Nxd6+ cxd6 16. dxe4 Nxe4 17. Re1 Nc5 18. Bd5 Kc7 19. Qd2 Rde8 20. Qc3 Ne6 21. Bxe6 1-0

[Event "Zhukovsky op"]
[Site "Zhukovsky"]
[Date "2011.02.17"]
[Round "1"]
[White "Orekhovsky, Vasily"]
[Black "Kochetkov, Sergey"]
[Result "1-0"]
[WhiteElo "2080"]
[BlackElo "1622"]
[PlyCount "79"]
[EventDate "2011.02.17"]
[EventType "swiss"]
[EventRounds "9"]
[EventCountry "RUS"]
[SourceTitle "CBM 141 Extra"]
[Source "ChessBase"]
[SourceDate "2011.05.03"]
[SourceVersion "1"]
[SourceVersionDate "2011.05.03"]
[SourceQuality "1"]

1. e4 e5 2. Nf3 Nc6 3. Bb5 Nd4 4. Nxd4 exd4 5. d3 a6 6. Bc4 b5 7. Bb3 Bb7 8. Qf3 Qf6 9. Qg3 d6 10. 0-0 Qg6 11. Nd2 Qxg3 12. hxg3 Nf6 13. Nf3 c5 14. Bg5 Ng4 15. Nh2 Nxh2 16. Kxh2 h6 17. Bd2 a5 18. a4 b4 19. f4 Bc8 20. Rae1 Be6 21. Bxe6 fxe6 22. f5 e5 23. Kh3 Be7 24. Rh1 Bf6 25. Kg4 Rd8 26. b3 d5 27. Kf3 Kf7 28. g4 dxe4+ 29. Kxe4 Ke7 30. Rh3 Kd6 31. Reh1 Rhg8 32. Rh5 Rdf8 33. Rf1 Rf7 34. Rf3 Rgf8 35. Bc1 Rg8 36. g5 hxg5 37. Bxg5 Bxg5 38. Rxg5 Rh8 39. Rh3 Rxh3 40. gxh3 1-0

[Event "Zhukovsky-A 02"]
[Site "Zhukovsky"]
[Date "2011.02.09"]
[Round "7"]
[White "Orekhovsky, Vasily"]
[Black "Domnin, Vladimir"]
[Result "1-0"]
[WhiteElo "2080"]
[BlackElo "1991"]
[PlyCount "103"]
[EventDate "2011.02.09"]
[EventType "swiss"]
[EventRounds "9"]
[EventCountry "RUS"]
[SourceTitle "EXT 2022"]
[Source "ChessBase"]
[SourceDate "2021.10.06"]
[SourceVersion "1"]
[SourceVersionDate "2021.10.06"]
[SourceQuality "1"]

1. d4 d5 2. c4 e6 3. Nf3 Nf6 4. e3 Be7 5. Nc3 0-0 6. Bd3 dxc4 7. Bxc4 c5 8. 0-0 Nc6 9. dxc5 Qxd1 10. Rxd1 Bxc5 11. a3 a6 12. b4 Be7 13. Bb2 b5 14. Be2 Bb7 15. Nd2 Rfd8 16. Nb3 Rac8 17. Bf3 Kf8 18. Ne2 Rxd1+ 19. Rxd1 Nd8 20. Rc1 Rxc1+ 21. Nexc1 Bxf3 22. gxf3 Nd5 23. Nd3 Nc6 24. Kf1 f6 25. Ke2 a5 26. bxa5 Nxa5 27. Nxa5 e5 28. Nb3 Ke8 29. Nbc5 Nb6 30. Ne6 Kd7 31. Nxg7 Nc4 32. Bc1 Nxa3 33. Nf5 Bf8 34. Bxa3 Bxa3 35. e4 Kc6 36. Ne3 Be7 37. Kd2 Bd8 38. Kc2 Kd6 39. Kb3 Ke6 40. Kb4 Kf7 41. Kxb5 Kg6 42. Nf5 Kg5 43. h4+ Kh5 44. Nc5 Bc7 45. Ne6 Bd6 46. Nxd6 Kxh4 47. Kc4 Kh3 48. Kd3 Kg2 49. Ke3 h5 50. Nf5 Kh3 51. Nf8 Kg2 52. Nh7 1-0

[Event "Zhukovsky-chA"]
[Site "Zhukovsky"]
[Date "2010.04.01"]
[Round "1"]
[White "Chapurin, Alexey V"]
[Black "Orekhovsky, Vasily"]
[Result "1-0"]
[WhiteElo "2280"]
[BlackElo "2054"]
[PlyCount "85"]
[EventDate "2010.04.01"]
[EventType "swiss"]
[EventRounds "9"]
[EventCountry "RUS"]
[SourceTitle "EXT 2022"]
[Source "ChessBase"]
[SourceDate "2021.10.06"]
[SourceVersion "1"]
[SourceVersionDate "2021.10.06"]
[SourceQuality "1"]

1. c4 c6 2. Nc3 d5 3. e3 Nf6 4. Nf3 g6 5. d4 Bg7 6. Bd3 0-0 7. 0-0 Bg4 8. h3 Bxf3 9. Qxf3 e6 10. b3 Qd6 11. Bb2 Nbd7 12. Rad1 a6 13. Rfe1 Rad8 14. g4 e5 15. Qg3 Rfe8 16. Bf1 dxc4 17. Bxc4 Qe7 18. Nb1 exd4 19. Bxd4 Ne4 20. Qg2 Bf6 21. Bd3 Ng5 22. Be2 Ne6 23. Bxf6 Nxf6 24. Nd2 Qa3 25. Nc4 Qxa2 26. Nd6 Rf8 27. Nxb7 Rxd1 28. Bxd1 Qd2 29. Rf1 Rc8 30. Bf3 Qb4 31. Bxc6 Qxb3 32. Nd6 Rc7 33. g5 Nd7 34. Ne8 Rxc6 35. Qxc6 Ne5 36. Qg2 Nxg5 37. f4 Qxe3+ 38. Kh1 Ne4 39. Kh2 Nd3 40. Qxe4 Qd2+ 41. Qg2 Qc3 42. Rf3 Qc4 43. Qe2 1-0

[Event "Zhukovsky op"]
[Site "Zhukovsky"]
[Date "2010.??.??"]
[Round "6"]
[White "Orekhovsky, Vasily"]
[Black "Avetisyan, Aleksey"]
[Result "1-0"]
[WhiteElo "2050"]
[BlackElo "2128"]
[PlyCount "73"]
[EventDate "2010.05.14"]
[EventType "swiss"]
[EventRounds "9"]
[EventCountry "RUS"]
[SourceTitle "EXT 2011"]
[Source "ChessBase"]
[SourceDate "2010.11.26"]
[SourceVersion "1"]
[SourceVersionDate "2010.11.26"]
[SourceQuality "1"]

1. e4 c6 2. d4 d5 3. e5 Bf5 4. Nc3 a6 5. f4 h5 6. Nf3 e6 7. Bd3 Nh6 8. Ne2 Bxd3 9. Qxd3 Nf5 10. Ng3 g6 11. Bd2 Nd7 12. 0-0-0 b5 13. Nxf5 gxf5 14. h3 h4 15. Rdg1 Be7 16. g4 hxg3 17. Rxg3 Nf8 18. h4 Rh5 19. Rg8 Qd7 20. Qe2 Rh6 21. h5 0-0-0 22. Ng5 Qe8 23. Rg7 Bxg5 24. fxg5 Rh8 25. Qg2 Rd7 26. Bb4 Rb7 27. g6 fxg6 28. Rxb7 Kxb7 29. Bxf8 Qxf8 30. hxg6 Rg8 31. Rh7+ Kb6 32. Qg5 Qb4 33. c3 Qc4 34. Rh2 Qf1+ 35. Kc2 f4 36. Qe7 Rxg6 37. Qd8+ 1-0

[Event "Zhukovsky op"]
[Site "Zhukovsky"]
[Date "2010.??.??"]
[Round "8"]
[White "Orekhovsky, Vasily"]
[Black "Ibragimov, Ali"]
[Result "1-0"]
[WhiteElo "2050"]
[BlackElo "2094"]
[PlyCount "101"]
[EventDate "2010.05.14"]
[EventType "swiss"]
[EventRounds "9"]
[EventCountry "RUS"]
[SourceTitle "EXT 2011"]
[Source "ChessBase"]
[SourceDate "2010.11.26"]
[SourceVersion "1"]
[SourceVersionDate "2010.11.26"]
[SourceQuality "1"]

1. e4 d6 2. d4 Nf6 3. Nc3 g6 4. f4 Bg7 5. Nf3 0-0 6. Bd3 Bg4 7. Be3 Nbd7 8. h3 Bxf3 9. Qxf3 c5 10. 0-0 Qb6 11. Ne2 Rac8 12. b3 Qc6 13. Rad1 b5 14. dxc5 Nxc5 15. Nd4 Qb7 16. Nxb5 Nfxe4 17. Bxe4 Qxe4 18. Nxa7 Qxf3 19. Rxf3 Ra8 20. Nc6 Rfe8 21. a4 Ne4 22. Bd4 Rac8 23. Nb4 e5 24. Be3 Rc3 25. Rd3 Rb8 26. Rxc3 Nxc3 27. Nc6 Ra8 28. fxe5 dxe5 29. Bd2 Ne2+ 30. Kf1 Nd4 31. Nxd4 exd4 32. Ke2 f5 33. Kd3 Kf7 34. Rf1 Ke6 35. Re1+ Kd7 36. Bb4 Bf6 37. Bc5 Bh4 38. Re2 Kc6 39. Bxd4 Rd8 40. c3 f4 41. Kc4 f3 42. gxf3 Rf8 43. Re6+ Kb7 44. Re3 Rc8+ 45. Kb5 Rf8 46. a5 Rf5+ 47. Re5 Rxf3 48. a6+ Kc7 49. Bb6+ Kd6 50. a7 Rf8 51. Bc5+ 1-0

[Event "RUS-ch U14"]
[Site "Dagomys"]
[Date "2009.04.20"]
[Round "6"]
[White "Orekhovsky, Vasily"]
[Black "Savitskiy, Sergey"]
[Result "0-1"]
[WhiteElo "2018"]
[BlackElo "2190"]
[PlyCount "80"]
[EventDate "2009.04.15"]
[EventType "swiss"]
[EventRounds "9"]
[EventCountry "RUS"]
[SourceTitle "CBM 130 Extra"]
[Source "ChessBase"]
[SourceDate "2009.07.02"]
[SourceVersion "2"]
[SourceVersionDate "2009.07.15"]
[SourceQuality "1"]

1. d4 Nf6 2. c4 g6 3. Nc3 Bg7 4. Nf3 0-0 5. e4 d6 6. Be2 e5 7. dxe5 dxe5 8. Qxd8 Rxd8 9. Bg5 c6 10. 0-0 h6 11. Bxf6 Bxf6 12. b4 Na6 13. a3 Bg4 14. Rfd1 Nc7 15. Ne1 Bxe2 16. Nxe2 Ne6 17. Nc2 a5 18. b5 Nc5 19. Nc3 h5 20. Rab1 Be7 21. Kf1 Kg7 22. Ke2 Ne6 23. a4 Bc5 24. g3 Bd4 25. Nxd4 exd4 26. Na2 Nc5 27. bxc6 bxc6 28. Rb6 Rac8 29. f3 Nxa4 30. Ra6 Nb2 31. Rc1 c5 32. Rb6 Rb8 33. Rc6 Rdc8 34. Rxc8 Rxc8 35. Kd2 Rb8 36. Rc2 a4 37. Nc1 a3 38. Na2 Rb3 39. f4 Rd3+ 40. Ke2 Re3+ 0-1

[Event "RUS-ch U14"]
[Site "Dagomys"]
[Date "2009.04.19"]
[Round "5"]
[White "Letov, Petr"]
[Black "Orekhovsky, Vasily"]
[Result "0-1"]
[WhiteElo "2166"]
[BlackElo "2018"]
[PlyCount "110"]
[EventDate "2009.04.15"]
[EventType "swiss"]
[EventRounds "9"]
[EventCountry "RUS"]
[SourceTitle "CBM 130 Extra"]
[Source "ChessBase"]
[SourceDate "2009.07.02"]
[SourceVersion "2"]
[SourceVersionDate "2009.07.15"]
[SourceQuality "1"]

1. e4 c5 2. Nf3 d6 3. d4 cxd4 4. Nxd4 Nf6 5. Nc3 a6 6. Be3 e5 7. Nb3 Be6 8. Qd2 Be7 9. f3 Nbd7 10. 0-0-0 0-0 11. g4 b5 12. g5 Nh5 13. Nd5 Bxd5 14. exd5 Qc7 15. Na5 Rfc8 16. Nc6 Bf8 17. Bh3 g6 18. Bg4 a5 19. Qg2 Re8 20. Bxh5 gxh5 21. Qf2 b4 22. Rhg1 Ra6 23. Qe2 Qb7 24. Qd3 Bg7 25. Rg3 Nb8 26. Nxb8 Rxb8 27. a4 bxa3 28. Qxa3 e4 29. Bd4 Bxd4 30. Rxd4 exf3 31. Rxf3 Rb6 32. b3 Rb4 33. Rfd3 Qb6 34. Qb2 a4 35. Rxb4 Qxb4 36. Qc3 Qa3+ 37. Qb2 Qc5 38. Qf6 axb3 39. Rxb3 Ra8 40. Rd3 Qg1+ 41. Rd1 Qe3+ 42. Rd2 Qa3+ 43. Kd1 Qc5 44. Qd4 Qb5 45. Re2 Ra2 46. Qe4 Ra1+ 47. Kd2 Qa5+ 48. Ke3 Qc5+ 49. Qd4 Ra3+ 50. Ke4 Qc8 51. Rf2 Qg4+ 52. Rf4 Qxg5 53. Qf6 Qg2+ 54. Kd4 Qd2+ 55. Kc4 Qxc2+ 0-1

[Event "RUS-ch U14"]
[Site "Dagomys"]
[Date "2009.04.15"]
[Round "1"]
[White "Orekhovsky, Vasily"]
[Black "Gordievsky, Dmitry"]
[Result "0-1"]
[WhiteElo "2018"]
[BlackElo "2193"]
[PlyCount "132"]
[EventDate "2009.04.15"]
[EventType "swiss"]
[EventRounds "9"]
[EventCountry "RUS"]
[SourceTitle "CBM 130 Extra"]
[Source "ChessBase"]
[SourceDate "2009.07.02"]
[SourceVersion "2"]
[SourceVersionDate "2009.07.15"]
[SourceQuality "1"]

1. e4 c5 2. Nf3 d6 3. d4 cxd4 4. Nxd4 Nf6 5. Nc3 a6 6. Be2 Nbd7 7. 0-0 g6 8. Be3 Bg7 9. f4 0-0 10. Nb3 b5 11. a3 Bb7 12. Bf3 Qc7 13. Rc1 Rac8 14. Qd3 Qb8 15. Rfd1 Qa8 16. Bd4 e5 17. Be3 exf4 18. Bxf4 Ne5 19. Bxe5 dxe5 20. Qe3 h5 21. Rd6 Kh7 22. Re1 Ne8 23. Rd7 Nf6 24. Rd6 Rfd8 25. Rxd8 Rxd8 26. Qb6 Qc8 27. Kh1 Nd7 28. Qf2 Bf8 29. Rd1 Kg7 30. Nd5 Bxd5 31. Rxd5 Re8 32. c3 Nf6 33. Rd1 Qc4 34. Nd2 Qc6 35. Nf1 Bc5 36. Qe2 Bb6 37. Rd3 Re6 38. Ne3 Bxe3 39. Qxe3 Qc4 40. Rd1 Rc6 41. Kg1 Qe6 42. Be2 Rd6 43. Rxd6 Qxd6 44. Qd3 Qc6 45. Bf3 g5 46. g3 g4 47. Bg2 Qc5+ 48. Kf1 Qc4 49. Ke2 Nd7 50. Kd2 Qxd3+ 51. Kxd3 Nc5+ 52. Kd2 Kf6 53. c4 bxc4 54. Kc3 Na4+ 55. Kxc4 Nxb2+ 56. Kc3 Nd1+ 57. Kd2 Nf2 58. Ke2 Nh3 59. Bxh3 gxh3 60. Kd3 Kg5 61. Kc4 Kg4 62. Kd5 f6 63. Ke6 Kf3 64. Kxf6 Kxe4 65. Kg5 Kd3 66. g4 hxg4 0-1

[Event "Zhukovsky op-A"]
[Site "Zhukovsky"]
[Date "2008.11.28"]
[Round "5"]
[White "Dolgova, Tamara"]
[Black "Orekhovsky, Vasily"]
[Result "1-0"]
[WhiteElo "1929"]
[BlackElo "2030"]
[PlyCount "69"]
[EventDate "2008.11.28"]
[EventType "swiss"]
[EventRounds "9"]
[EventCountry "RUS"]
[SourceTitle "EXT 2022"]
[Source "ChessBase"]
[SourceDate "2021.10.06"]
[SourceVersion "1"]
[SourceVersionDate "2021.10.06"]
[SourceQuality "1"]

1. e4 c5 2. Nf3 d6 3. d4 cxd4 4. c3 dxc3 5. Nxc3 Nf6 6. Bc4 e6 7. 0-0 Be7 8. Qe2 0-0 9. Rd1 Nc6 10. e5 Ne8 11. exd6 Bxd6 12. Ne4 Qe7 13. Bg5 f6 14. Be3 b6 15. Rac1 Bb7 16. Nfg5 fxg5 17. Bxg5 Qc7 18. Nxd6 Nxd6 19. Qxe6+ Nf7 20. Rd7 Qc8 21. Rxf7 Qxe6 22. Rxf8+ Kxf8 23. Bxe6 Nd4 24. Bg4 Re8 25. h3 Ne2+ 26. Bxe2 Rxe2 27. Rc7 Bd5 28. Rxa7 Rxb2 29. a3 b5 30. Be3 Bc4 31. Bd4 Rb1+ 32. Kh2 Bf7 33. Bc5+ Ke8 34. Re7+ Kd8 35. Rxf7 1-0

[Event "Zhukovsky op-A"]
[Site "Zhukovsky"]
[Date "2008.11.28"]
[Round "9"]
[White "Orekhovsky, Vasily"]
[Black "Karlson, Vladilen"]
[Result "0-1"]
[WhiteElo "2030"]
[BlackElo "2230"]
[PlyCount "72"]
[EventDate "2008.11.28"]
[EventType "swiss"]
[EventRounds "9"]
[EventCountry "RUS"]
[SourceTitle "EXT 2022"]
[Source "ChessBase"]
[SourceDate "2021.10.06"]
[SourceVersion "1"]
[SourceVersionDate "2021.10.06"]
[SourceQuality "1"]

1. e4 Nf6 2. Nc3 d5 3. e5 Nfd7 4. f4 e6 5. Nf3 c5 6. d4 cxd4 7. Ne2 Bb4+ 8. Bd2 Bc5 9. b4 Bb6 10. Nexd4 Bxd4 11. Nxd4 Nxe5 12. Qh5 Ng6 13. Bd3 Qf6 14. Bxg6 Qxd4 15. Bxf7+ Kf8 16. c3 Qf6 17. Be8 g6 18. Qe2 Kxe8 19. Qb5+ Nc6 20. 0-0 Rf8 21. Rae1 Kf7 22. g4 Kg8 23. f5 exf5 24. gxf5 Bxf5 25. Qxd5+ Qf7 26. Qg2 Rfe8 27. b5 Ne5 28. Re3 Nc4 29. Rg3 Nxd2 30. Qxd2 Rad8 31. Qf2 Rd5 32. c4 Rde5 33. Qxa7 Qxc4 34. Qxb7 Qd4+ 35. Rf2 Re1+ 36. Kg2 Be4+ 0-1